[Event "IM Marmaris Karia VI 2019"]
[Site "Marmaris"]
[Date "2019.04.25"]
[Round "9.5"]
[White "Kizilkus, Akin"]
[Black "Simantsev, Mikhail"]
[Result "1-0"]
[WhiteElo "2018"]
[BlackElo "2395"]
[Annotator "TA"]
[PlyCount "71"]
[EventDate "2019.04.24"]
[EventType "schev"]
[EventCountry "TUR"]
[SourceTitle "playchess.com"]
[Source "ChessBase"]
[SourceQuality "1"]

{[%evp 16,71,22,0,50,39,66,55,56,58,63,52,49,39,59,60,59,65,61,58,80,69,75,77,105,0,20,0,29,27,110,98,258,252,254,235,244,12,12,4,114,116,368,357,1017,93,998,1014,1007,1008,999,979,1211,1070,1052,1052,1030,941]} 1. d4 Nf6 2. c4 e6 3. Nc3 Bb4 4. e3 c5 5. Nge2 cxd4 6. exd4 O-O 7. a3 Be7 8. Nf4 d6 9. Be2 a6 {E42: Nimzo-Indian: Rubinstein: 4...c5 5 Ne2} (9... e5 10. Nfd5 Nxd5 11. Nxd5 Nc6 12. dxe5 dxe5 13. O-O Bg5 14. f4 exf4 15. Bxf4 Bxf4 16. Rxf4 Be6 17. Qd2 Bxd5 18. cxd5 {½-½ (35) Werle,J (2534)-Nisipeanu,L (2678) Germany 2016}) 10. O-O Qc7 11. Be3 b6 {White is slightly better.} 12. Rc1 Bb7 13. b4 Nbd7 14. Qb3 Rac8 15. Rfd1 Rfe8 $146 ({Predecessor:} 15... Qb8 16. d5 e5 17. Nd3 {1-0 (35) Cebalo,M (2485)-Spiridonov,N (2445) Opatija 1984}) 16. d5 e5 17. Nh3 h6 18. Qb1 Bf8 19. f3 g6 20. Rc2 ({White should try} 20. Nf2 $16) 20... b5 21. Qc1 bxc4 22. Bxh6 Bxh6 (22... e4 $11 {remains equal.}) 23. Qxh6 $16 Nb6 $2 (23... Nh7 $16) 24. Ng5 $18 Qe7 25. Nce4 Bxd5 {[#]} 26. Rxd5 $2 (26. Rc3 $1 $18 {f4! is the strong threat.} Bxe4 27. fxe4) 26... Nbxd5 $11 27. Bxc4 $40 {[%mdl 128] Threatens to win with Nxf6+. White mounts an attack.} Rxc4 (27... Qa7+ $11 {keeps the balance.} 28. Kh1 Nxe4 29. fxe4 Rxc4 30. Qh7+ (30. Rxc4 Nf6 $11) 30... Kf8 31. Rxc4 Nf6 32. Qh8+ {[%mdl 64] Double Attack} Ke7) 28. Rxc4 $16 Qa7+ $2 {[%mdl 8192]} (28... Rd8 $16 {is a better defense.} 29. h3 Qf8) 29. Kh1 $18 {And now Nxf6+ would win.} Qd7 $2 (29... Nxe4 30. Rxe4 Nf4) 30. Nxf6+ Nxf6 31. Rh4 {[%csl Gh4][%cal Rh6h8] [#] White is clearly winning.} Nh5 32. g4 Rc8 33. Rxh5 {[%csl Gh5][%cal Rh6h8]} Rc1+ 34. Kg2 {[%csl Gh5][%cal Rh6h8]} Rc2+ 35. Kg3 {[%csl Gh5][%cal Rh6h8]} gxh5 36. Ne4 {Accuracy: White = 75%, Black = 41%.} 1-0

[Event "IM Marmaris Karia VI 2019"]
[Site "Marmaris"]
[Date "2019.04.25"]
[Round "10.1"]
[White "Darban, Morteza"]
[Black "Suleymanli, Aydin"]
[Result "1/2-1/2"]
[WhiteElo "2307"]
[BlackElo "2334"]
[Annotator "NA"]
[PlyCount "26"]
[EventDate "2019.04.24"]
[EventType "schev"]
[EventCountry "TUR"]
[SourceTitle "playchess.com"]
[Source "ChessBase"]
[SourceQuality "1"]
[TimeControl "5400+30"]

1. d4 {[%emt 0:00:30]} d5 {[%emt 0:00:30]} 2. c4 {[%emt 0:00:00]} dxc4 {[%emt 0:00:00]} 3. e4 {[%emt 0:00:00]} Nf6 {[%emt 0:00:00]} 4. e5 {[%emt 0:00:00]} Nd5 {[%emt 0:00:00]} 5. Bxc4 {[%emt 0:00:00]} Nb6 {[%emt 0:00:00]} 6. Bb3 {[%emt 0:00:30]} Nc6 {[%emt 0:00:00]} 7. Nf3 {[%emt 0:00:00]} Bg4 {[%emt 0:00:00]} 8. Ng5 {[%emt 0:00:00]} Bxd1 {[%emt 0:00:30]} 9. Bxf7+ {[%emt 0:00:00]} Kd7 {[%emt 0:00:00]} 10. Be6+ {[%emt 0:00:00]} Ke8 {[%emt 0:00:00]} 11. Bf7+ {[%emt 0:00:30]} Kd7 {[%emt 0:00:00]} 12. Be6+ {[%emt 0:00:00]} Ke8 {[%emt 0:00:00]} 13. Bf7+ {[%emt 0:00:00]} Kd7 {[%emt 0:00:00]} 1/2-1/2

[Event "IM Marmaris Karia VI 2019"]
[Site "Marmaris"]
[Date "2019.04.25"]
[Round "10.2"]
[White "Morozov, Nichita"]
[Black "Mammadova, Narmin"]
[Result "1/2-1/2"]
[WhiteElo "2398"]
[BlackElo "2292"]
[Annotator "TA"]
[PlyCount "42"]
[EventDate "2019.04.24"]
[EventType "schev"]
[EventCountry "TUR"]
[SourceTitle "playchess.com"]
[Source "ChessBase"]
[SourceQuality "1"]

{[%evp 13,42,9,10,1,35,25,64,56,62,26,47,25,27,27,47,16,11,9,9,0,0,0,46,0,24,0,46,-4,11,0,70]} 1. d4 d5 2. c4 c6 3. Nf3 Nf6 4. e3 Bf5 5. Nc3 e6 6. Bd3 Bxd3 7. Qxd3 Nbd7 8. O-O {D12: Slav Defence: 3 Nf3 Nf6 4 e3 Bf5} dxc4 (8... Bd6 9. e4 dxe4 10. Nxe4 Nxe4 11. Qxe4 O-O 12. Bg5 Nf6 13. Qe2 h6 14. Bh4 Be7 15. Rad1 Re8 16. Ne5 Nd7 17. Qh5 Rf8 18. Bg3 Nf6 19. Qe2 Qa5 20. b3 {½-½ (39) Nisipeanu,L (2687)-Sevian,S (2620) Tbilisi 2017}) 9. Qxc4 Nb6 10. Qb3 {White is slightly better.} Qc7 11. Bd2 Be7 12. Rfc1 $146 ({Predecessor:} 12. Rac1 O-O 13. Qc2 Rfd8 14. g3 Qc8 15. e4 Nc4 16. e5 Nxd2 17. Qxd2 Nd5 18. Rfd1 {½-½ (18) Vacas Arno,G (1872)-Alabart Paytubi,J (1748) Llinars del Valles 2014}) 12... O-O 13. e4 Rfd8 14. e5 Nfd5 15. Ne4 a5 16. Bg5 Bxg5 17. Nexg5 Qe7 18. Ne4 Qc7 (18... a4 $5 {[%cal Ra4b3]} 19. Qd3 f5 20. exf6 gxf6 $11) 19. Neg5 Qe7 20. Ne4 Qc7 21. Neg5 ({Better is} 21. Qd1 $11) 21... Qe7 {Accuracy: White = 27%, Black = 27%.} 1/2-1/2

[Event "IM Marmaris Karia VI 2019"]
[Site "Marmaris"]
[Date "2019.04.25"]
[Round "10.3"]
[White "Sibashvili, Giorgi"]
[Black "Atakishiev, Elmar"]
[Result "1/2-1/2"]
[WhiteElo "2398"]
[BlackElo "2114"]
[Annotator "TA"]
[PlyCount "19"]
[EventDate "2019.04.24"]
[EventType "schev"]
[EventCountry "TUR"]
[SourceTitle "playchess.com"]
[Source "ChessBase"]
[SourceQuality "1"]

{[%evp 18,19,13,0]} 1. d4 d5 2. c4 c6 3. cxd5 cxd5 4. Nf3 Nc6 5. Nc3 Nf6 6. Bf4 Nh5 $146 ({Predecessor:} 6... Bf5 7. e3 e6 8. Bd3 Bxd3 9. Qxd3 Bd6 10. Bxd6 Qxd6 11. O-O O-O {½-½ (11) Dreev,A (2670)-Mamedyarov,S (2817) St Petersburg 2018}) 7. Bd2 Nf6 8. Bf4 Nh5 9. Bd2 Nf6 10. Bf4 1/2-1/2

[Event "IM Marmaris Karia VI 2019"]
[Site "Marmaris"]
[Date "2019.04.25"]
[Round "10.4"]
[White "Simantsev, Mikhail"]
[Black "Arda, Cagil Irmak"]
[Result "1/2-1/2"]
[WhiteElo "2395"]
[BlackElo "2070"]
[Annotator "TA"]
[PlyCount "37"]
[EventDate "2019.04.24"]
[EventType "schev"]
[EventCountry "TUR"]
[SourceTitle "playchess.com"]
[Source "ChessBase"]
[SourceQuality "1"]

{[%evp 21,37,0,0,0,0,0,0,0,0,0,0,0,0,0,6,0,0,0]} 1. d4 d5 2. c4 c6 3. cxd5 cxd5 4. Nc3 (4. Nf3 Nc6 {½-½ (11) Dreev,A (2670)-Mamedyarov,S (2817) St Petersburg 2018}) 4... Nc6 5. Nf3 Nf6 6. Bf4 Bf5 7. e3 e6 8. Bd3 Bxd3 9. Qxd3 Bd6 10. Bxd6 Qxd6 11. O-O O-O {The position is equal.} 12. h3 {D14: Slav Defence: Exchange variation with ...Bf5} h6 13. Rac1 Rac8 14. Rfd1 Rfd8 {[#]} 15. Nb5 $146 ({Predecessor:} 15. Qe2 Qe7 16. Ne1 Ne8 17. Nd3 Nd6 18. b3 b6 19. Qb2 Nf5 20. Ne2 Nd6 21. Nc3 Nf5 22. Ne2 Nd6 23. Nc3 Nf5 {½-½ (23) Solak,D (2624)-Mamedov,R (2680) Kocaeli 2017}) 15... Qb8 16. Nc3 Qd6 17. Nb5 Qb8 18. Nc3 Qd6 19. Nb5 1/2-1/2

[Event "IM Marmaris Karia VI 2019"]
[Site "Marmaris"]
[Date "2019.04.25"]
[Round "10.5"]
[White "Guseynov, Alihan"]
[Black "Kizilkus, Akin"]
[Result "1-0"]
[WhiteElo "2340"]
[BlackElo "2018"]
[Annotator "TA"]
[PlyCount "36"]
[EventDate "2019.04.24"]
[EventType "schev"]
[EventCountry "TUR"]
[SourceTitle "playchess.com"]
[Source "ChessBase"]
[SourceQuality "1"]

{[%evp 1,1,3]} 1. b3 {Predecessor:} g6 $146 2. Bb2 Nf6 3. g3 Bg7 4. Bg2 O-O 5. Nf3 c5 6. c4 d6 7. O-O e5 8. d3 Nc6 9. Nc3 Ne8 10. Nd2 Nc7 11. a3 a5 12. e3 Rb8 13. Nd5 b5 14. Qc2 Be6 15. Rae1 f5 16. f4 bxc4 17. dxc4 e4 18. Bxg7 Kxg7 {½-½ (70) Artemiev,V (2709)-Carlsen,M (2835) St Petersburg 2018} 1-0